000 00512nam a2200181Ia 4500
005 20230210100353.0
008 131103s9999 xx 000 0 und d
040 _aLoreto College
041 _aEnglish
082 _a820.9
_bLOO
100 _aLoomis Roger Sherman
245 4 _aThe Development of Arthurian Romance
_cRoger Sherman Loomis
260 _aLondon
_bHutchinson University press
_c1963
300 _a199p.
650 _aEnglish literature - History and criticism
850 _aLCLIB
942 _cBK
999 _c20960
_d71439